Ako stanoviť vhodnú cenu pre produkt

Dôležitosť merania dosiahnutých výsledkov pri použití konkrétnej cenovej stratégie a sledovania vývoja a zmien nákupného správania zákazníka. Základné cenové stratégie. Nákladovo orientovaná stratégia tvorby ceny. Stratégia prienikových cien. Konkurenčná stratégia. Stratégia smotanových cien. Ďalšie...

Celý popis

Uložené v:
Podrobná bibliografia
Hlavný autor: Remeňová, Katarína, 1982-
Médium: Kapitola
Jazyk:Slovak
Predmet:
Tagy: Pridať tag
Žiadne tagy, Buďte prvý, kto otaguje tento záznam!

MARC

LEADER 00000naa a2200000 4500
001 0126742
005 20240502072438.5
041 0 |a slo 
044 |a SK 
245 1 0 |a Ako stanoviť vhodnú cenu pre produkt  |c Katarína Remeňová 
520 |a Dôležitosť merania dosiahnutých výsledkov pri použití konkrétnej cenovej stratégie a sledovania vývoja a zmien nákupného správania zákazníka. Základné cenové stratégie. Nákladovo orientovaná stratégia tvorby ceny. Stratégia prienikových cien. Konkurenčná stratégia. Stratégia smotanových cien. Ďalšie možné cenové stratégie. 
610 2 0 |a ceny 
610 2 0 |a tvorba cien 
610 2 0 |a náklady 
610 2 0 |a produkty 
610 2 0 |a konkurencia 
610 2 0 |a trh 
610 2 0 |a predaj 
610 2 0 |a tržby 
610 2 0 |a zákazníci 
100 1 |a Remeňová, Katarína, 1982-